000 00289nam a2200121Ia 4500
008 190216s9999||||xx |||||||||||||| ||und||
100 _aSony P L
245 0 _aText Book Of Inorganic Chemistry
260 _bSulthan Chand&Sons
_c1989
300 _a3360p
650 _aChemistry
942 _cBK
999 _c2074
_d2074